Boroughs of Montreal - Statistics

General Stats
  • This quiz has been taken 42 times
  • The average score is 20 of 34
Answers on the Map
Answers color-coded by a green-red scale on the quiz's map according to % correct below.
 
Answer Stats
Answer % Correct
Mercier-Hochelaga-Maisonneuve
81%
Montréal-Nord
77%
Ville-Marie
77%
Westmount
77%
Dorval
74%
Lachine
74%
Saint-Laurent
74%
Lasalle
71%
Montréal-Est
68%
Verdun
68%
Côte-Des-Neiges-Notre-Dame-De-Grâce
65%
Le Plateau-Mont-Royal
65%
L'Île-Bizard-Sainte-Geneviève
65%
Mont Royal
65%
Kirkland
61%
Outremont
61%
Villeray-Saint-Michel-Parc-Extension
61%
Ahuntsic-Cartierville
58%
Côte Saint-Luc
58%
Pierrefonds-Roxboro
58%
Pointe-Claire
58%
Rosemont-La Petite-Patrie
58%
Sainte-Anne-de-Bellevue
58%
Dollard-Des Ormeaux
55%
Baie-D'Urfé
52%
Beaconsfield
52%
Saint-Leonard
52%
Montreal West
48%
Riviere-des-Prairies-Pointe-aux-Trembles
48%
Senneville
48%
Southwest
48%
Anjou
45%
Hampstead
45%
Dorval Island
16%
No matching quizzes found
Score Distribution
Percent of People with Each Score
Percentile by Number Answered
Your Score History
You have not taken this quiz